01683nam a2200313 a 4500001001000000005001700010008004100027041000800068044000800076084002000084100004500104245011000149260004900259300002200308500015500330500025700485500012300742500011400865500001000979546002400989650005201013650005601065650003401121650004501155700004901200700003401249700003601283740005001319BRCA_322120190320204154.0040309s1771----enka---###---#000-0#eng-# aeng aenk a522b.F69c17711 aCervantes Saavedra, Miguel ded1547-161610aThe History of the Renowned Don Quixote de la ManchacWritten in Spanish by Miguel de Cervantes Saavedra. aGlasgow (Inglaterra)bR. and A. Foulisc1771 a4 v.bil.c17 cm. aContenido : v.1. Primera parte. Noticia sobre Cervantes. Prólogo del autor. -- v.2. Texto. -- v.3. Segunda parte. Prólogo del autor. -- v.4. Texto aEdición : Translated by Several Hands and Published by Late Mr. Motteux. Revised a new from the Best Spanish Edition by Mr. Ozell who has Likewise added Explanatory Notes from Jervas, Oudin, Pineda, Gregorio and the Royal Academy Dictionary of Madrid aEjemplar igual al anterior [521], pero ilustrado con algunas láminas de Hayman. Piel; ejemplar roto Lúdovik Osterc aEstado físico : Los vol. 1,2 y 3 presentan encuadernación desprendida. Vol. 1 primeras hojas desprendidas aQM418 aTexto en : inglés14aNovela españolayÉpoca clásica, 1500-170014aLiteratura españolayÉpoca clásica, 1500-170014aNovela españolaySiglo XVII14aDon Quijote (Personaje ficticio)eNovela1 aMotteux, Peter Anthonyd1663-1718eTraductor1 aOzell, Johnd?-1743eAnotador1 aOudin, Cesard?-1625eTraductor0 aEl Ingenioso Hidalgo Don Quijote de la Mancha